Taylor Swift - Guess The Taylor Swift Music Video By The Emojis - Statistics

General Stats
  • This quiz has been taken 29 times
  • The average score is 6 of 8
Answer Stats
Hint Answer % Correct
πŸ§£πŸ“–πŸ‚πŸš— All Too Well: The Short Film
100%
πŸŽ‚πŸ”ͺ🩸 Blank Space
86%
πŸ³οΈβ€πŸŒˆπŸ”πŸŸ You Need To Calm Down
86%
πŸ‘»πŸ³βœ¨πŸ‘―β€β™€οΈ Anti-Hero
67%
πŸ§₯πŸŽΉπŸŒŠπŸƒ cardigan
67%
πŸͺ­πŸˆπŸ©±πŸ’― The Fate of Ophelia
67%
πŸ“πŸͺŸπŸ‘ πŸ‘Ÿ You Belong With Me
52%
πŸͺ¨πŸŒ΅βœ¨ Opalite
48%
No matching quizzes found
Score Distribution
Percent of People with Each Score
Percentile by Number Answered
Your Score History
You have not taken this quiz